| 000 | 00811cac a22002655a 4500 | ||
|---|---|---|---|
| 008 | 150812s1999 maua|||fr|||| 001 0 eng d | ||
| 010 | _a 98072033 | ||
| 020 | _a0395908159 | ||
| 020 | _a9780395908150 | ||
| 040 |
_beng _dEG-ScBUE |
||
| 082 | 0 | 4 |
_a330.1 _bGRE _222 |
| 100 | 1 | _aGregory, Paul R. | |
| 245 | 1 | 0 |
_aComparative economic systems / _cPaul R. Gregory, Robert C. Stuart. |
| 250 | _a6th ed. | ||
| 260 |
_aBoston : _bHoughton Mifflin Co., _cc.1999. |
||
| 300 |
_axv, 502 p. : _bill., map ; _c25 cm. |
||
| 500 | _aIndex : p. 489-502. | ||
| 504 | _aIncludes bibliographical references . | ||
| 590 | _adoaa mohamed | ||
| 650 | 0 |
_aComparative economics. _2BUEsh |
|
| 651 | _2BUEsh | ||
| 653 |
_bBUSECO _cAugust2015 |
||
| 700 | 1 |
_aStuart, Robert C., _d1938- |
|
| 942 |
_cBB _k330.1 GRE _2ddc |
||
| 999 |
_c4869 _d4869 |
||